[Event "GER-ch U08"]
[Site "Willingen"]
[Date "2023.06.03"]
[Round "7"]
[White "Liu, Jonas"]
[Black "Nguyen Trung, Atticus"]
[Result "0-1"]
[WhiteElo "1039"]
[BlackElo "920"]
[PlyCount "94"]
[EventDate "2023.05.30"]
[EventType "swiss"]
[EventRounds "7"]
[EventCountry "GER"]
[SourceTitle "CBM 214 Extra"]
[Source "ChessBase"]
[SourceDate "2023.07.31"]
[SourceVersion "1"]
[SourceVersionDate "2023.07.31"]
[SourceQuality "1"]

1. e4 e5 2. Nc3 Nf6 3. f4 Nc6 4. fxe5 Nxe5 5. d4 Ng6 6. Bg5 h6 7. Be3 d5 8. exd5 Nxd5 9. Nxd5 Qxd5 10. Nf3 Bd6 11. c4 Qe6 12. Be2 Qxe3 13. c5 Be7 14. g3 Bd7 15. h4 0-0-0 16. Kf1 Rhe8 17. b4 Bf6 18. a4 a6 19. a5 Bf5 20. b5 axb5 21. Bxb5 c6 22. Be2 Bg4 23. Rh2 Bxf3 24. Bxf3 Rxd4 25. Bg4+ Kc7 26. Qf3 Qxf3+ 27. Bxf3 Re3 28. Be2 Rxg3 29. h5 Rf4+ 30. Rf2 Rxf2+ 31. Kxf2 Bxa1 32. Kxg3 Bd4 33. hxg6 fxg6 34. a6 bxa6 35. Bxa6 Bxc5 36. Bd3 Bd6+ 37. Kg4 Kb6 38. Bxg6 c5 39. Kf5 Kb5 40. Be8+ Kb4 41. Kg6 c4 42. Kxg7 c3 43. Bg6 h5 44. Bxh5 c2 45. Bg6 c1Q 46. Kh8 Qh6+ 47. Bh7 Be5+ 0-1

[Event "GER-ch U08"]
[Site "Willingen"]
[Date "2023.06.02"]
[Round "5"]
[White "Saeidi, Fardin Jahan"]
[Black "Nguyen Trung, Atticus"]
[Result "0-1"]
[WhiteElo "1037"]
[BlackElo "920"]
[PlyCount "73"]
[EventDate "2023.05.30"]
[EventType "swiss"]
[EventRounds "7"]
[EventCountry "GER"]
[SourceTitle "CBM 214 Extra"]
[Source "ChessBase"]
[SourceDate "2023.07.31"]
[SourceVersion "1"]
[SourceVersionDate "2023.07.31"]
[SourceQuality "1"]

1. e4 e5 2. Nf3 Nc6 3. d4 exd4 4. Bc4 Nf6 5. e5 d5 6. Bb5 Ne4 7. Nxd4 Bd7 8. Bxc6 bxc6 9. 0-0 Bc5 10. f3 Bxd4+ 11. Qxd4 Ng5 12. f4 Ne6 13. Qf2 0-0 14. Qg3 Qe7 15. f5 Nd4 16. Nc3 Bxf5 17. Be3 Nxc2 18. Rac1 Nxe3 19. Qxe3 Qd7 20. Qg5 Bg6 21. Rf4 Rae8 22. Rg4 h6 23. Qf4 Qf5 24. Qxf5 Bxf5 25. Rf4 Rxe5 26. Rcf1 Be4 27. Re1 f5 28. Rc1 a5 29. Rf2 Rf6 30. g4 f4 31. Rd1 c5 32. Nxe4 dxe4 33. Rd8+ Kf7 34. Rd7+ Re7 35. Rxe7+ Kxe7 36. Kf1 e3 37. Re2 0-1

[Event "GER-ch U08"]
[Site "Willingen"]
[Date "2023.06.01"]
[Round "3"]
[White "Frerich, Theo"]
[Black "Nguyen Trung, Atticus"]
[Result "1/2-1/2"]
[WhiteElo "1073"]
[BlackElo "920"]
[PlyCount "82"]
[EventDate "2023.05.30"]
[EventType "swiss"]
[EventRounds "7"]
[EventCountry "GER"]
[SourceTitle "CBM 214 Extra"]
[Source "ChessBase"]
[SourceDate "2023.07.31"]
[SourceVersion "1"]
[SourceVersionDate "2023.07.31"]
[SourceQuality "1"]

1. e4 e5 2. Nf3 Nc6 3. Bb5 a6 4. Ba4 Nf6 5. d3 d5 6. Nc3 b5 7. Bb3 Bb4 8. 0-0 0-0 9. Nxd5 Nxd5 10. Bxd5 Bb7 11. c3 Ba5 12. d4 exd4 13. cxd4 Rb8 14. Bxc6 Bxc6 15. d5 Bd7 16. a3 Bb6 17. Re1 Qe7 18. b4 Rbe8 19. Bb2 f6 20. h3 Rf7 21. e5 Bf5 22. e6 Rff8 23. Nh4 Bg6 24. Nxg6 hxg6 25. Qc2 g5 26. Re4 f5 27. Re5 Rf6 28. Rxf5 Rxf5 29. Qxf5 Rf8 30. Qg6 Bxf2+ 31. Kh1 g4 32. Qxg4 Bb6 33. Rd1 Rd8 34. Rd3 Rf8 35. Rg3 Rf1+ 36. Kh2 Bg1+ 37. Kh1 Bf2+ 38. Kh2 Bg1+ 39. Kh1 Bf2+ 40. Kh2 Bg1+ 41. Kh1 Bf2+ 1/2-1/2

[Event "GER-ch U08"]
[Site "Willingen"]
[Date "2023.05.31"]
[Round "1"]
[White "Graf, Tom"]
[Black "Nguyen Trung, Atticus"]
[Result "1-0"]
[WhiteElo "1095"]
[BlackElo "920"]
[PlyCount "107"]
[EventDate "2023.05.30"]
[EventType "swiss"]
[EventRounds "7"]
[EventCountry "GER"]
[SourceTitle "CBM 214 Extra"]
[Source "ChessBase"]
[SourceDate "2023.07.31"]
[SourceVersion "1"]
[SourceVersionDate "2023.07.31"]
[SourceQuality "1"]

1. e4 e5 2. Nf3 Nc6 3. Bc4 Bc5 4. Nc3 Nf6 5. d3 d6 6. h3 h6 7. Be3 Nd4 8. Bxd4 Bxd4 9. Nxd4 exd4 10. Ne2 c5 11. c3 dxc3 12. Nxc3 b6 13. Qb3 0-0 14. 0-0 Qe7 15. Nd5 Nxd5 16. Bxd5 Bb7 17. Bxb7 Qxb7 18. f4 Rae8 19. f5 Qe7 20. Qc3 Qe5 21. Qxe5 Rxe5 22. Rae1 d5 23. Rf3 d4 24. Rg3 f6 25. Rg6 Kh7 26. Rf1 Rg8 27. Kh2 h5 28. Kg3 c4 29. Kf4 cxd3 30. Rd1 Rge8 31. Rxd3 Rxe4+ 32. Kf3 Re3+ 33. Rxe3 dxe3 34. Ke2 a5 35. Rg3 Kh6 36. Rxe3 Rxe3+ 37. Kxe3 g5 38. fxg6 Kxg6 39. Kf4 f5 40. h4 b5 41. Ke5 a4 42. a3 Kh6 43. Kxf5 Kh7 44. Kg5 Kg7 45. Kxh5 Kf6 46. g4 Ke5 47. g5 Kd4 48. g6 Kc4 49. g7 Kb3 50. g8Q+ Kxb2 51. Qg3 b4 52. axb4 a3 53. Qxa3+ Kxa3 54. b5 1-0